000 00596nam a2200169 a 4500
001 000040631
005 20201002034250.0
008 130904s1998 xxua 000 0 spa d
020 _a0256257124
040 _aDO-SdBNP
_bspa
_cBNPHU
082 _axxx
_bxxxx
100 1 _aWhitten, Jeffrey L.
_966981
245 1 0 _aApplication cases in systems analysis and design. :
_bfor use with systems analysis and design methods /
_cJeffrey L. Whitten, Lonnie D. Bentley.
260 _aBoston, Estados Unidos :
_bMcGraw-Hill,
_c1998.
300 _a230 p. :
_bil. ;
_c28 cm.
700 1 _aBentley, Lonnie D.
_966982
999 _c40121
_d40121